Desierto /
Gespeichert in:
| 1. Verfasser: | |
|---|---|
| Weitere Verfasser: | , , , , , , , |
| Format: | |
| Sprache: | Spanisch |
| Veröffentlicht: |
México :
Esperanto Kino,
2015, c2015
|
| Schlagworte: | |
| Tags: |
Keine Tags, Fügen Sie das erste Tag hinzu!
|
MARC
| LEADER | 00000ngm^a2200000^a^4500 | ||
|---|---|---|---|
| 001 | 000395184 | ||
| 005 | 20250521000000.0 | ||
| 009 | 20260310121355.848 | ||
| 037 | |a Acervo ITESO - Biblioteca | ||
| 041 | |a ESP | ||
| 082 | |a 860. |b CUA | ||
| 100 | |a Cuarón, Jonás |e (realización) | ||
| 240 | 1 | 1 | |a [Desierto, de Jonás Cuarón] |
| 245 | 1 | 0 | |a Desierto / |c Realización de J. Cuarón. |
| 264 | 4 | |a México : |b Esperanto Kino, |c 2015, c2015 | |
| 264 | 2 | |a México : |b Zima Entertainment [distribución], |c copyright fecha no identificada | |
| 300 | |a 1 DVD regiones 1 y 4 (88, 2, 2, 1 min.) : |b color | ||
| 336 | |a imagen móvil bidimensional |b tdi |2 rdacontenido | ||
| 337 | |a video |b v |2 rdamedio | ||
| 338 | |a videodisco |b vd |2 rdasoporte | ||
| 546 | |a En español e inglés, con subtítulos opcionales: español | ||
| 586 | |a Premio Ariel, de la Academia Mexicana de Cine (59°: 2017): Mejor Película (finalista) | ||
| 586 | |a Premio Ariel, de la Academia Mexicana de Cine (59°: 2017): Mejor Dirección (finalista: Jonás Cuarón) | ||
| 649 | |a XX | ||
| 650 | |a Cine Social y Político | ||
| 650 | |a Películas de Suspenso y Terror | ||
| 650 | |a Dramas Cinematográficos | ||
| 650 | |a Cine en Inglés - |z México | ||
| 650 | |a Cine Mexicano - |y 2010-2019 | ||
| 650 | |a Cine Mexicano - |y Siglo XXI | ||
| 650 | |a Cacería Humana | ||
| 650 | |a Asesinato | ||
| 650 | |a Psicopatología | ||
| 650 | |a Instinto de Supervivencia | ||
| 650 | |a Técnicas de Supervivencia | ||
| 650 | |a Migración Ilegal - |z México-EUA - |x Tema Principal | ||
| 650 | |a Emigración - |z México | ||
| 650 | |a Inmigración - |z EUA | ||
| 650 | |a Tráfico de Personas - |z México | ||
| 650 | |a Problemas Sociales - |z México | ||
| 650 | |a Xenofobia - |z EUA | ||
| 650 | |a Racismo - |z EUA | ||
| 650 | |a Discriminación - |z EUA | ||
| 650 | |a Problemas Sociales - |z EUA | ||
| 650 | |a Desiertos en el Cine | ||
| 650 | |a Desiertos - |z Sonora | ||
| 650 | |a Desiertos - |z México | ||
| 650 | |a Sonora en el Cine | ||
| 650 | |a Baja California (Norte) en el Cine | ||
| 650 | |a México (Frontera Norte) en el Cine | ||
| 650 | |a México (Región Noroeste) en el Cine | ||
| 650 | |a México (Región Norte) en el Cine | ||
| 740 | 0 | |a Desierto : |b detrás de cámaras : Alfonso Cuarón / | |
| 740 | 0 | |a Desierto : |b detrás de cámaras : Gael García Bernal / | |
| 740 | 0 | |a Reacciones reales de la película Desierto / | |
| 700 | |a Cuarón, Jonás |e (guión) | ||
| 700 | |a García, Mateo |e (guión) | ||
| 700 | |a García, Damián |e (fotógrafo) | ||
| 700 | |a Cuarón, Jonás |e (montaje) | ||
| 700 | |a Woodkid |e (música) | ||
| 700 | |a García Bernal, Gael |e (actuación) | ||
| 700 | |a Morgan, Jeffrey Dean |e (actuación) | ||
| 700 | |a Hidalgo, Alondra |e (actuación) | ||
| 910 | |a Fondo General | ||
| 920 | |a Audiovisuales - DVDs | ||
| 940 | |a Películas | ||
| 905 | |a 302 | ||
| 901 | |a 0500289834 |b IT2 |c DVS |i C155844 |u 20250521 | ||
| 902 | |a https://opac.biblio.iteso.mx/vufind/Record/000395184 | ||